Auditoría energética de base para un horno regenerativo de fundición de vidrio
Bewaard in:
| Hoofdauteur: | |
|---|---|
| Formaat: | Boek |
| Gepubliceerd in: |
San José, Costa Rica
1988
|
| Onderwerpen: | |
| Tags: |
Voeg label toe
Geen labels, Wees de eerste die dit record labelt!
|
MARC
| LEADER | 00000nam a2200000Ia 4500 | ||
|---|---|---|---|
| 003 | 004722 | ||
| 005 | 20221231144342.0 | ||
| 008 | 140114s1988 cr a m 000 ||s d | ||
| 040 | |c cru CEDI | ||
| 090 | |a TFG 2160 | ||
| 100 | |a Sequeira Cleves, Javier |9 13512 | ||
| 245 | |a Auditoría energética de base para un horno regenerativo de fundición de vidrio | ||
| 260 | |c 1988 |a San José, Costa Rica | ||
| 300 | |a 127 hojas : ilustraciones ; 28 cm | ||
| 500 | |a Proyecto de graduación (licenciatura en ingeniería química)--Universidad de Costa Rica. Facultad de Ingeniería. Escuela de Ingeniería Química | ||
| 650 | |x HORNOS DE FUNDICION |x VIDRIO |9 11072 | ||
| 942 | |c TFG | ||
| 999 | |c 20596 |d 20596 | ||
